000
00187 a2200097 4500
020
_a
9781584301592
041
_a
spa
100
_a
Lulu Delacre
245
_a
Arrorro, Mi Niò¨
942
_c
BK
999
_c
13058
_d
13058